[Event "American Continental Blitz 19th"]
[Site "Foz do Iguacu"]
[Date "2025.05.30"]
[Round "8"]
[White "Carcamo, Matias"]
[Black "Mayta Aiza, Maveric"]
[Result "1/2-1/2"]
[WhiteElo "2077"]
[BlackElo "2184"]
[PlyCount "150"]
[EventDate "2025.05.30"]
[EventType "swiss (blitz)"]
[EventRounds "9"]
[EventCountry "BRA"]
[SourceTitle "CB23_2025"]
[SourceDate "2025.06.04"]
[SourceVersion "1"]
[SourceVersionDate "2025.06.04"]
[SourceQuality "1"]

1. e4 c5 2. Nc3 Nc6 3. g3 g6 4. Bg2 Bg7 5. d3 d6 6. f4 e6 7. Nf3 Nge7 8. 0-0 0-0 9. Be3 Rb8 10. Rb1 b5 11. Ne2 b4 12. Qd2 Qa5 13. Nc1 Nd4 14. Nxd4 cxd4 15. Bf2 Qc7 16. Nb3 e5 17. Rfc1 Qd8 18. c3 bxc3 19. bxc3 dxc3 20. Qxc3 exf4 21. Qc7 Ba6 22. d4 fxg3 23. hxg3 Bd3 24. Rb2 Rc8 25. Qxa7 Nc6 26. Qa4 Ne7 27. Rd2 Ra8 28. Qb4 Ba6 29. e5 d5 30. Nc5 Bh6 31. Re1 Bxd2 32. Qxd2 Bc4 33. a4 Nf5 34. Qf4 Ng7 35. Qg4 Qe7 36. Bh3 Nf5 37. Qf4 Ng7 38. Qg4 Nf5 39. Qf4 Ng7 40. Nd7 Nh5 41. Qh6 Rfd8 42. Nc5 Rab8 43. g4 Ng7 44. Bh4 Qa7 45. Bf6 Ne8 46. Bxd8 Rxd8 47. e6 fxe6 48. g5 Ng7 49. Nxe6 Re8 50. Qh4 Nf5 51. Bxf5 gxf5 52. Nc5 Qf7 53. Re5 Rxe5 54. dxe5 f4 55. e6 Qf5 56. e7 Qb1+ 57. Kh2 Qc2+ 58. Kg1 Qd1+ 59. Kg2 Qe2+ 60. Qf2 Qg4+ 61. Kh2 Qh5+ 62. Kg1 Qd1+ 63. Kh2 Qh5+ 64. Kg1 Qd1+ 65. Kh2 Qh5+ 66. Kg1 Qd1+ 67. Kh2 Qh5+ 68. Kg1 Qxg5+ 69. Qg2 Qxg2+ 70. Kxg2 Kf7 71. Kf3 Kxe7 72. Kxf4 Kd6 73. Nb7+ Ke7 74. Nc5 Kf7 75. Kf3 Ke7 1/2-1/2

[Event "American Continental Blitz 19th"]
[Site "Foz do Iguacu"]
[Date "2025.05.30"]
[Round "7"]
[White "Garcia Pantoja, Roberto"]
[Black "Carcamo, Matias"]
[Result "1-0"]
[WhiteElo "2531"]
[BlackElo "2077"]
[PlyCount "45"]
[EventDate "2025.05.30"]
[EventType "swiss (blitz)"]
[EventRounds "9"]
[EventCountry "BRA"]
[SourceTitle "CB23_2025"]
[SourceDate "2025.06.04"]
[SourceVersion "1"]
[SourceVersionDate "2025.06.04"]
[SourceQuality "1"]

1. e4 c6 2. d4 d5 3. exd5 cxd5 4. Bd3 Nc6 5. c3 Nf6 6. Nf3 Bg4 7. 0-0 e6 8. Nbd2 Bd6 9. Re1 Qc7 10. Nf1 0-0 11. Ng3 Rfe8 12. Bg5 Be7 13. h3 Bxf3 14. Qxf3 h6 15. Bf4 Bd6 16. Bxh6 e5 17. Bxg7 Kxg7 18. Nf5+ Kf8 19. Qg3 Nh5 20. Qg5 Ne7 21. Qh6+ Kg8 22. Nxe7+ Rxe7 23. Qh7+ 1-0

[Event "Titled Tuesday intern op 25th Mar Early"]
[Site "Chess.com INT"]
[Date "2025.03.25"]
[Round "3"]
[White "Carcamo, Matias"]
[Black "Kosteniuk, Alexandra"]
[Result "0-1"]
[WhiteElo "2084"]
[BlackElo "2484"]
[PlyCount "78"]
[EventDate "2025.03.25"]
[EventType "swiss (blitz)"]
[EventRounds "11"]
[EventCountry "USA"]
[SourceTitle "CB14_2025"]
[SourceDate "2024.11.01"]
[SourceVersion "1"]
[SourceVersionDate "2024.11.01"]
[SourceQuality "1"]

1. e4 c6 2. d4 d5 3. exd5 cxd5 4. Nf3 Nc6 5. Bd3 Bg4 6. c3 e6 7. Be3 Bd6 8. Nbd2 Nge7 9. Qb3 Qc7 10. 0-0 Bxf3 11. Nxf3 Ng6 12. Rfe1 0-0 13. Rac1 Rae8 14. Qc2 a6 15. h4 f5 16. Bd2 Nf4 17. Bxf4 Bxf4 18. Rcd1 b5 19. g3 Bd6 20. Ng5 Nd8 21. Qe2 h6 22. Nf3 Nf7 23. Kg2 Qd7 24. a3 Bb8 25. Bb1 Bd6 26. Rd3 Re7 27. Re3 Rfe8 28. Ba2 f4 29. Rd3 fxg3 30. fxg3 Qc7 31. Qf2 Rf8 32. Rde3 Nd8 33. R1e2 Ref7 34. Qe1 Kh8 35. Ne5 Bxe5 36. Rxe5 Rf6 37. Bb1 Qf7 38. Qd2 Rf1 39. R5e3 Rxb1 0-1

[Event "Titled Tuesday intern op 11th Mar Late"]
[Site "Chess.com INT"]
[Date "2025.03.11"]
[Round "6"]
[White "Carcamo, Matias"]
[Black "Vera Gonzalez Quevedo, Reynaldo"]
[Result "1-0"]
[WhiteElo "2084"]
[BlackElo "2299"]
[PlyCount "55"]
[EventDate "2025.03.11"]
[EventType "swiss (blitz)"]
[EventRounds "11"]
[EventCountry "USA"]
[SourceTitle "CB12_2025"]
[SourceDate "2025.03.19"]
[SourceVersion "1"]
[SourceVersionDate "2025.03.19"]
[SourceQuality "1"]

1. e4 c5 2. Nc3 e6 3. g3 d5 4. Bg2 dxe4 5. Nxe4 Nd7 6. Ne2 Ngf6 7. N2c3 Be7 8. 0-0 0-0 9. d3 Nd5 10. Re1 N7f6 11. Bd2 Rb8 12. Rb1 b6 13. Nxd5 exd5 14. Bf4 Rb7 15. Nxf6+ Bxf6 16. c4 Be6 17. b4 Rd7 18. Qc2 dxc4 19. dxc4 cxb4 20. Rxb4 Be7 21. Rb5 Bc5 22. a4 Rd4 23. Bf1 Rxf4 24. gxf4 Qh4 25. Bg2 Qxf4 26. Re4 Qf5 27. a5 Rd8 28. axb6 1-0

[Event "Titled Tuesday intern op 25th Feb Early"]
[Site "Chess.com INT"]
[Date "2025.02.25"]
[Round "8"]
[White "Kazakouski, Valery"]
[Black "Carcamo, Matias"]
[Result "0-1"]
[WhiteElo "2538"]
[BlackElo "2084"]
[PlyCount "76"]
[EventDate "2025.02.25"]
[EventType "swiss (blitz)"]
[EventRounds "11"]
[EventCountry "USA"]
[SourceTitle "CB10_2025"]
[SourceDate "2025.03.05"]
[SourceVersion "1"]
[SourceVersionDate "2025.03.05"]
[SourceQuality "1"]

1. e4 d5 2. exd5 Qxd5 3. Nc3 Qd8 4. d4 Nf6 5. Bc4 c6 6. Nf3 Bf5 7. Ne5 e6 8. g4 Be4 9. Nxe4 Nxe4 10. Qf3 Nd6 11. Bd3 Nd7 12. h4 Nxe5 13. dxe5 Qa5+ 14. Kf1 Qxe5 15. c4 0-0-0 16. Kg2 Be7 17. Bf4 Qd4 18. Rhd1 Nxc4 19. Rac1 Ne5 20. Bxe5 Qxe5 21. Ba6 Kb8 22. Bxb7 Kxb7 23. Qxc6+ Kb8 24. Rc3 Bb4 25. Rb3 a5 26. Rxd8+ Rxd8 27. Qb6+ Kc8 28. Qa6+ Kb8 29. Qb6+ Kc8 30. Qa6+ Kd7 31. Rd3+ Bd6 32. Qb7+ Ke8 33. Qc6+ Ke7 34. Qb7+ Rd7 35. Qc6 Qh2+ 36. Kf1 Qe5 37. Kg2 Rc7 38. Qa8 Qb5 0-1

[Event "Titled Tuesday intern op 04th Feb Late"]
[Site "Chess.com INT"]
[Date "2025.02.04"]
[Round "3"]
[White "Carcamo, Matias"]
[Black "Mingo Fernandez, Matias"]
[Result "1-0"]
[WhiteElo "2084"]
[BlackElo "2172"]
[PlyCount "91"]
[EventDate "2025.02.04"]
[EventType "swiss (blitz)"]
[EventRounds "11"]
[EventCountry "USA"]
[SourceTitle "CB07_2025"]
[SourceDate "2025.02.12"]
[SourceVersion "1"]
[SourceVersionDate "2025.02.12"]
[SourceQuality "1"]

1. e4 e6 2. d4 d5 3. exd5 exd5 4. c3 Bd6 5. Nf3 Ne7 6. Bd3 Nbc6 7. 0-0 Bg4 8. Bg5 f6 9. Bh4 Qd7 10. Nbd2 0-0-0 11. b4 Rde8 12. a4 g5 13. Bg3 h5 14. a5 Bxg3 15. fxg3 h4 16. gxh4 Rxh4 17. b5 Nd8 18. Qc2 Rh6 19. Rae1 Reh8 20. Rf2 Be6 21. Nb3 g4 22. Nc5 Qd6 23. Nxe6 gxf3 24. gxf3 Nxe6 25. Rfe2 f5 26. Bxf5 Nxf5 27. Qxf5 Re8 28. Re5 c6 29. a6 Kc7 30. Qf7+ Re7 31. Qf5 bxa6 32. bxc6 Kxc6 33. c4 Nxd4 34. cxd5+ Kb6 35. Qb1+ Nb5 36. Rxe7 Qxh2+ 37. Kf1 Qh1+ 38. Ke2 Qg2+ 39. Ke3 Qg5+ 40. Kd3 Qxd5+ 41. Kc2 Qc4+ 42. Kd2 Rd6+ 43. Ke3 Qd4+ 44. Ke2 Qd2+ 45. Kf1 Rg6 46. Qxg6+ 1-0

[Event "Titled Tuesday intern op 04th Feb Late"]
[Site "Chess.com INT"]
[Date "2025.02.04"]
[Round "10"]
[White "Carcamo, Matias"]
[Black "Pakleza, Zbigniew"]
[Result "1-0"]
[WhiteElo "2084"]
[BlackElo "2485"]
[PlyCount "41"]
[EventDate "2025.02.04"]
[EventType "swiss (blitz)"]
[EventRounds "11"]
[EventCountry "USA"]
[SourceTitle "CB07_2025"]
[SourceDate "2025.02.12"]
[SourceVersion "1"]
[SourceVersionDate "2025.02.12"]
[SourceQuality "1"]

1. e4 d6 2. Nc3 e6 3. g3 Qe7 4. Bg2 Kd8 5. d3 Qe8 6. f4 Nd7 7. Nf3 c6 8. Be3 b6 9. 0-0 a6 10. d4 f6 11. d5 exd5 12. exd5 c5 13. Re1 Qf7 14. Ne4 Kc7 15. b4 Bb7 16. bxc5 bxc5 17. c4 Ne7 18. Qa4 a5 19. Rab1 Nb6 20. Rxb6 Kxb6 21. Rb1+ 1-0

[Event "Titled Tuesday intern op 04th Feb Late"]
[Site "Chess.com INT"]
[Date "2025.02.04"]
[Round "4"]
[White "Carcamo, Matias"]
[Black "Papasimakopoulos, Alexandros"]
[Result "0-1"]
[WhiteElo "2084"]
[BlackElo "2387"]
[PlyCount "98"]
[EventDate "2025.02.04"]
[EventType "swiss (blitz)"]
[EventRounds "11"]
[EventCountry "USA"]
[SourceTitle "CB07_2025"]
[SourceDate "2025.02.12"]
[SourceVersion "1"]
[SourceVersionDate "2025.02.12"]
[SourceQuality "1"]

1. e4 e6 2. d4 d5 3. exd5 exd5 4. c3 Bd6 5. Nf3 Bg4 6. Bd3 Ne7 7. 0-0 Qd7 8. Bg5 f6 9. Bh4 Nbc6 10. Nbd2 h5 11. Bg3 0-0-0 12. Qc2 Kb8 13. Rfe1 g5 14. b4 Nf5 15. Bxd6 Nxd6 16. b5 Na5 17. Nb3 Nxb3 18. axb3 Bxf3 19. Qa2 a6 20. gxf3 Nxb5 21. Qa5 Rhe8 22. Qb4 Qc6 23. Bxb5 Qxb5 24. Qxb5 axb5 25. Kg2 b6 26. f4 Kb7 27. fxg5 fxg5 28. Re5 Rxe5 29. dxe5 c5 30. Re1 Kc6 31. h4 g4 32. f4 gxf3+ 33. Kxf3 Rf8+ 34. Kg3 Kd7 35. e6+ Kd6 36. e7 Re8 37. Kf4 Rxe7 38. Rd1 Rg7 39. Kf5 Rg4 40. Re1 b4 41. Re6+ Kc7 42. cxb4 Rxb4 43. Ke5 Re4+ 44. Kxd5 Rxe6 45. Kxe6 Kc6 46. Kf5 b5 47. Kg5 c4 48. bxc4 b4 49. Kxh5 b3 0-1

[Event "Titled Tuesday intern op 04th Feb Late"]
[Site "Chess.com INT"]
[Date "2025.02.04"]
[Round "7"]
[White "Carcamo, Matias"]
[Black "Pavlidou, Ekaterini"]
[Result "1-0"]
[WhiteElo "2084"]
[BlackElo "2160"]
[PlyCount "63"]
[EventDate "2025.02.04"]
[EventType "swiss (blitz)"]
[EventRounds "11"]
[EventCountry "USA"]
[SourceTitle "CB07_2025"]
[SourceDate "2025.02.12"]
[SourceVersion "1"]
[SourceVersionDate "2025.02.12"]
[SourceQuality "1"]

1. e4 c5 2. Nc3 Nc6 3. g3 g6 4. Bg2 Bg7 5. d3 d6 6. f4 Nf6 7. Nf3 Kf8 8. 0-0 h5 9. Be3 Ng4 10. Bd2 Nd4 11. h3 Nxf3+ 12. Bxf3 Bd4+ 13. Kg2 Ne3+ 14. Bxe3 Bxe3 15. Ne2 Qd7 16. Rh1 g5 17. fxg5 Bxg5 18. Nc3 h4 19. Bg4 Qd8 20. Nd5 e6 21. Nc3 d5 22. exd5 exd5 23. Qf3 Bxg4 24. hxg4 Rh6 25. Raf1 Rf6 26. Qxd5 Qc7 27. Ne4 Rxf1 28. Rxf1 h3+ 29. Kxh3 Be3 30. Qd6+ Qxd6 31. Nxd6 Ke7 32. Nf5+ 1-0

[Event "Titled Tuesday intern op 04th Feb Late"]
[Site "Chess.com INT"]
[Date "2025.02.04"]
[Round "6"]
[White "Maksimovic, Bojan"]
[Black "Carcamo, Matias"]
[Result "1-0"]
[WhiteElo "2505"]
[BlackElo "2084"]
[PlyCount "85"]
[EventDate "2025.02.04"]
[EventType "swiss (blitz)"]
[EventRounds "11"]
[EventCountry "USA"]
[SourceTitle "CB07_2025"]
[SourceDate "2025.02.12"]
[SourceVersion "1"]
[SourceVersionDate "2025.02.12"]
[SourceQuality "1"]

1. c4 c6 2. Nf3 d5 3. g3 Nf6 4. Bg2 e6 5. 0-0 Be7 6. b3 0-0 7. Bb2 Nbd7 8. d4 b6 9. Qc2 Bb7 10. Nbd2 Rc8 11. e4 dxe4 12. Nxe4 c5 13. Nxf6+ Bxf6 14. Ng5 Bxg5 15. Bxb7 Rc7 16. Bg2 cxd4 17. Bxd4 Bf6 18. Rad1 Qe7 19. Be3 Rd8 20. h4 Ne5 21. Rxd8+ Qxd8 22. Rd1 Rd7 23. Rxd7 Qxd7 24. Qe4 h5 25. Qa8+ Kh7 26. Be4+ g6 27. Qb7 Qd1+ 28. Kg2 Qg4 29. Bf4 Kg7 30. Qxa7 Qe2 31. Ba8 Nd3 32. Be3 Ne1+ 33. Kg1 Qd1 34. Qxb6 Nd3+ 35. Kg2 Ne1+ 36. Kh2 Qe2 37. Be4 Qxa2 38. c5 Qe2 39. c6 Qg4 40. Bh1 Be5 41. c7 Qxh4+ 42. Kg1 Bxg3 43. Qd4+ 1-0

[Event "Titled Tuesday intern op 21st Jan Late"]
[Site "Chess.com INT"]
[Date "2025.01.21"]
[Round "1"]
[White "Bustamante, Oscar"]
[Black "Carcamo, Matias"]
[Result "1-0"]
[WhiteElo "2038"]
[BlackElo "2084"]
[PlyCount "77"]
[EventDate "2025.01.21"]
[EventType "swiss (blitz)"]
[EventRounds "11"]
[EventCountry "USA"]
[SourceTitle "CB05_2025"]
[SourceDate "2025.01.29"]
[SourceVersion "1"]
[SourceVersionDate "2025.01.29"]
[SourceQuality "1"]

1. d4 Nf6 2. Bf4 d5 3. e3 c6 4. Nf3 Bg4 5. c4 e6 6. Nc3 Nbd7 7. Qb3 Qb6 8. c5 Qxb3 9. axb3 Bxf3 10. gxf3 a6 11. b4 Rc8 12. h4 Nh5 13. Bg3 Nxg3 14. fxg3 g6 15. h5 Bg7 16. f4 Ke7 17. Kf2 Nf6 18. Be2 Rcf8 19. h6 Bxh6 20. Rxh6 Ng8 21. Rh2 h6 22. g4 Kf6 23. g5+ Kg7 24. gxh6+ Nxh6 25. Rah1 Rh7 26. Ke1 Rfh8 27. Kd2 Kf6 28. Nd1 Kg7 29. Nf2 Nf5 30. Rxh7+ Rxh7 31. Rxh7+ Kxh7 32. Ng4 Kg7 33. Bd3 Ng3 34. Ne5 f6 35. Nxg6 Nh5 36. Ne7 Ng3 37. Ke1 Kf7 38. Nc8 Ke8 39. Nd6+ 1-0

[Event "Titled Tuesday intern op 21st Jan Late"]
[Site "Chess.com INT"]
[Date "2025.01.21"]
[Round "5"]
[White "Carcamo, Matias"]
[Black "Leal, Jorge Augusto"]
[Result "1/2-1/2"]
[WhiteElo "2084"]
[BlackElo "1978"]
[PlyCount "211"]
[EventDate "2025.01.21"]
[EventType "swiss (blitz)"]
[EventRounds "11"]
[EventCountry "USA"]
[SourceTitle "CB05_2025"]
[SourceDate "2025.01.29"]
[SourceVersion "1"]
[SourceVersionDate "2025.01.29"]
[SourceQuality "1"]

1. e4 e6 2. d4 d5 3. exd5 exd5 4. c3 Nf6 5. Nf3 Bd6 6. Bd3 0-0 7. 0-0 c6 8. Bg5 h6 9. Bh4 Nbd7 10. Nbd2 Re8 11. Re1 Rxe1+ 12. Qxe1 g5 13. Bg3 Nf8 14. Ne5 Be6 15. Ndf3 Nh5 16. Rd1 Nxg3 17. hxg3 Qf6 18. Bb1 Re8 19. Ng4 Bxg4 20. Qxe8 Bxf3 21. gxf3 Qxf3 22. Rd3 Qf5 23. Qe2 Ne6 24. Bc2 Qh3 25. Re3 h5 26. Qf1 Qg4 27. Bd1 Qf5 28. Qd3 Qh3 29. Bf3 h4 30. Bg2 Qg4 31. Qe2 Qxe2 32. Rxe2 hxg3 33. fxg3 Bxg3 34. Bh3 Nf4 35. Re8+ Kg7 36. Bc8 Kg6 37. Bxb7 f5 38. Bxc6 g4 39. Bd7 Nh3+ 40. Kg2 Bh4 41. Rg8+ Kf7 42. Rh8 Bf6 43. Rxh3 gxh3+ 44. Kxh3 Kg6 45. Be6 Bg5 46. Bxd5 Bc1 47. b3 Bb2 48. c4 Bxd4 49. Kg3 Be5+ 50. Kf3 Kf6 51. a4 Ke7 52. c5 Bd4 53. b4 Bc3 54. b5 Bb4 55. b6 Bxc5 56. b7 Bd6 57. a5 Bb8 58. a6 Kf6 59. Ke3 Ke5 60. Bf3 f4+ 61. Kd3 Kd6 62. Kc4 Kc7 63. Kc5 Kd7 64. Bg4+ Kd8 65. Kc6 Bc7 66. Bf3 Bb8 67. Kd5 Bc7 68. Ke6 Bb8 69. Kf5 Bc7 70. Be2 Bb8 71. Ke6 Bc7 72. Kd5 Bb8 73. Kc6 Bc7 74. b8Q+ Bxb8 75. Kb7 Be5 76. Kxa7 Bd4+ 77. Kb7 Be3 78. Kc6 Bd4 79. Kd5 Be3 80. Ke4 Kc7 81. Bf1 Kb6 82. Kf3 Ka7 83. Kg4 Bf2 84. Kxf4 Bb6 85. Ke5 Bc7+ 86. Kd5 Bb6 87. Kc6 Bf2 88. Kb5 Bb6 89. Bg2 Bg1 90. Bb7 Bb6 91. Kc6 Bg1 92. Kd5 Bb6 93. Ke4 Bg1 94. Kf3 Bb6 95. Kg2 Bc5 96. Kf1 Bb6 97. Ke2 Bc5 98. Kd3 Bb6 99. Kc4 Bg1 100. Kd5 Bb6 101. Kc6 Bg1 102. Kd7 Bb6 103. Kc8 Bg1 104. Kd8 Bb6+ 105. Ke7 Bg1 106. Ke6 1/2-1/2

[Event "Titled Tuesday intern op 14th Jan Early"]
[Site "Chess.com INT"]
[Date "2025.01.14"]
[Round "1"]
[White "Toth, Lili1"]
[Black "Carcamo, Matias"]
[Result "0-1"]
[WhiteElo "2057"]
[BlackElo "2084"]
[PlyCount "78"]
[EventDate "2025.01.14"]
[EventType "swiss (blitz)"]
[EventRounds "11"]
[EventCountry "USA"]
[SourceTitle "CB04_2025"]
[SourceDate "2025.01.22"]
[SourceVersion "1"]
[SourceVersionDate "2025.01.22"]
[SourceQuality "1"]

1. Nf3 Nf6 2. c4 c6 3. b3 d5 4. cxd5 cxd5 5. Bb2 Nc6 6. g3 Bg4 7. Bg2 e6 8. 0-0 Bc5 9. d4 Bb6 10. Na3 0-0 11. Nc2 Rc8 12. Ne3 Bh5 13. Rc1 Re8 14. a3 a6 15. b4 Bg6 16. Qb3 Be4 17. Rfd1 Qe7 18. a4 Qxb4 19. Qxb4 Nxb4 20. Ba3 Nc6 21. Bc5 Bxc5 22. dxc5 Na5 23. Rc3 Rc7 24. Rdc1 Rec8 25. Nd4 Bxg2 26. Kxg2 Ne4 27. R3c2 Rxc5 28. Rxc5 Rxc5 29. Rxc5 Nxc5 30. f4 Nxa4 31. f5 Nc5 32. fxe6 fxe6 33. Ng4 Nc4 34. Kf2 a5 35. Nb5 a4 36. e3 a3 37. Nc3 Ne4+ 38. Nxe4 dxe4 39. Ke2 a2 0-1